| 000 | 00494nam a2200169Ia 4500 | ||
|---|---|---|---|
| 008 | 230917s9999||||xx |||||||||||||| ||und|| | ||
| 020 | _cRS495 | ||
| 040 |
_e253036 _aMAIN |
||
| 041 | _aEnglish | ||
| 082 | _a658.3 S55H | ||
| 100 | _aSengupta, Amitabha | ||
| 245 | 0 | _aHuman resource management: Concepts, practices and new pradigms | |
| 260 |
_aNew Delhi _bSage Texts _c2018 |
||
| 300 | _axxi, 473 p. | ||
| 500 | _a3398 09/01/2019 HBD19/7738 20/02/2019 IMSAR (Dev. & Research) | ||
| 942 | _cBK | ||
| 999 |
_c29846 _d29846 |
||